[Event "Challenge"]
[Site "http://www.queenalice.com/game.php?id=568704"]
[Date "2009.4.8"]
[Round "-"]
[White "Givanildo"]
[Black "jam_13"]
[Result "1-0"]
[WhiteElo "1442"]
[BlackElo "1322"]

1. e4 e5 2. Nc3 Nc6 3. Bc4 Nf6 4. Qf3 d6 5. h3 Qe7 6. Nd5 Nxd5 7. Bxd5 Be6 8.
Bxc6+ bxc6 9. d3 f6 10. g4 d5 11. g5 fxg5 12. h4 g4 13. Qg2 1-0

[Event "Challenge"]
[Site "http://www.queenalice.com/game.php?id=568718"]
[Date "2009.4.8"]
[Round "-"]
[White "Gadou"]
[Black "jam_13"]
[Result "1-0"]
[WhiteElo "1311"]
[BlackElo "1500"]

1. e4 e5 2. Bc4 Nf6 3. Qf3 d6 4. h3 Bd7 5. a4 a5 6. Nc3 Bc6 7. d3 Nbd7 8. Nd5
Bxd5 9. exd5 Be7 10. Bg5 h6 11. Be3 c5 12. Qg3 g5 13. f4 exf4 14. Bxf4 gxf4 15.
Qxf4 Qb6 16. Rb1 O-O-O 17. Ne2 Qb4+ 18. c3 Qxa4 19. Kf2 Ne5 20. Ra1 Qxc4 21.
dxc4 Nd3+ 22. Ke3 Nxf4 23. Nxf4 b6 24. b4 cxb4 25. cxb4 axb4 26. Ra8+ Kb7 27.
Rxd8 Rxd8 28. Rb1 Ra8 29. Kd4 Ra4 30. g4 Nd7 31. Nh5 Nc5 32. Ng7 b3 33. Nf5 Bf6+
34. Ke3 Rxc4 35. Nxd6+ 1-0

[Event "AUTO-OPEN-1507"]
[Site "http://www.queenalice.com/game.php?id=569072"]
[Date "2009.4.9"]
[Round "1"]
[White "mauricio_sm"]
[Black "jam_13"]
[Result "1-0"]
[WhiteElo "1793"]
[BlackElo "1377"]

1. d4 d5 2. Nf3 Nf6 3. Bf4 Nc6 4. e3 Bg4 5. Be2 Ne4 6. O-O e6 7. a3 Bd6 8. Bxd6
Qxd6 9. Nbd2 O-O-O 10. h3 Bf5 11. Nxe4 dxe4 12. Ng5 Bg6 13. c3 1-0

[Event "AUTO-OPEN-1507"]
[Site "http://www.queenalice.com/game.php?id=569073"]
[Date "2009.4.9"]
[Round "1"]
[White "jam_13"]
[Black "mauricio_sm"]
[Result "0-1"]
[WhiteElo "1377"]
[BlackElo "1795"]

1. d4 d5 2. Nf3 Nf6 3. Bf4 e6 4. e3 Bd6 5. Bg5 O-O 6. Bd3 Nbd7 7. O-O e5 8. dxe5
Nxe5 9. Nxe5 Bxe5 10. Bxf6 Qxf6 11. Nc3 Bxc3 0-1

[Event "Challenge"]
[Site "http://www.queenalice.com/game.php?id=569220"]
[Date "2009.4.9"]
[Round "-"]
[White "tsabadini"]
[Black "jam_13"]
[Result "0-1"]
[WhiteElo "1100"]
[BlackElo "1206"]

1. d4 d5 2. Nc3 Nf6 3. Bg5 Bf5 4. Nf3 h6 5. Bd2 e6 6. e3 Bd6 7. Bb5+ c6 8. Ng1
cxb5 9. Nxb5 a6 10. Nxd6+ Qxd6 11. Nf3 Nbd7 12. O-O Bg4 13. b3 Ne4 14. Ba5 O-O
15. Rb1 Nb6 16. h3 Bxf3 17. gxf3 Ng5 18. Kg2 Nd7 19. Qd3 Rfe8 20. h4 Nxf3 21.
Kxf3 e5 22. Kg2 e4 23. Qd1 Qg6+ 24. Kh1 Rac8 25. Qd2 Qg4 26. Rg1 Qh3# 0-1

[Event "Challenge"]
[Site "http://www.queenalice.com/game.php?id=569270"]
[Date "2009.4.9"]
[Round "-"]
[White "El_Pagano1313"]
[Black "jam_13"]
[Result "1-0"]
[WhiteElo "1494"]
[BlackElo "1448"]

1. e4 e5 2. Nf3 Nc6 3. Bb5 Bc5 4. O-O Nf6 5. d3 d5 6. Bxc6+ bxc6 7. Nxe5 Qd6 8.
Nxc6 Qxc6 9. Nc3 O-O 10. a3 Bg4 11. Qe1 Rae8 12. a4 Qe6 13. Be3 1-0

[Event "Challenge"]
[Site "http://www.queenalice.com/game.php?id=569277"]
[Date "2009.4.9"]
[Round "-"]
[White "jam_13"]
[Black "knight401"]
[Result "1-0"]
[WhiteElo "1304"]
[BlackElo "1480"]

1. d4 d5 2. c4 e6 3. Nc3 h6 4. Nf3 Nf6 5. e3 c5 6. Bd3 Nc6 7. O-O Be7 8. Re1 O-O
9. Ne5 Re8 10. e4 dxc4 11. Bxc4 cxd4 12. Ne2 Nxe5 13. Bb3 Bc5 14. Nf4 Bd7 15.
Nh5 Nxh5 16. Qxh5 Qf6 17. Kh1 Qxf2 18. Bxh6 gxh6 19. Qxh6 Ng4 20. Qg5+ Kf8 21.
Qxg4 Ke7 22. Rf1 e5 23. Qg5+ 1-0

[Event "Challenge"]
[Site "http://www.queenalice.com/game.php?id=569278"]
[Date "2009.4.9"]
[Round "-"]
[White "jam_13"]
[Black "pgrzelak"]
[Result "0-1"]
[WhiteElo "1333"]
[BlackElo "1834"]

1. d4 d5 2. c4 dxc4 3. Nf3 Nf6 4. Nc3 Bf5 5. e3 e6 6. Ne5 Nbd7 7. Qa4 Bd6 8. Be2
Bxe5 9. dxe5 Nd5 10. Bxc4 O-O 11. O-O Nxc3 12. bxc3 Nxe5 13. Be2 a6 14. Ba3 Re8
15. Rad1 Qg5 16. f4 Qg6 17. fxe5 Bc2 18. Qf4 Bxd1 19. Bxd1 Rad8 20. Bf3 Rd2 21.
Be4 Qh5 22. Bxb7 Rxa2 23. Bc1 Re7 0-1